000 00338nam a22001457a 4500
003 OSt
005 20160727222455.0
008 160705b xxu||||| |||| 00| 0 eng d
040 _cTEST
100 _92149
_a James, M
245 _aBorn to Win
260 _aLon
_b Addision Wesley Pub.Com.
_c1971
300 _aBorn to Win
942 _2ddc
_cBK
999 _c1840
_d1840